000 04365nam a22005657a 4500
001 B-268442-467
003 dpl
005 20080530143524.0
008 080530t xxu||||| |||| 00| 0 eng d
010 _aB-268442-467
020 _a0340910984
_c85.00
035 _aB-268442-467
040 _aDPL
_bEN
082 _aS
100 _aBlyton, Enid
245 _aThe naughtiest girl again /
_cby Enid Blyton
260 _aLondon
_bHodder Headline
_c2005
270 _bLondon
_a338 Euston Road
300 _aBook 2 (250p.)
_c18 cm (Hb)
942 _2ddc
_cCH
_hS
_mBLY
999 _c13160
_d13160